[Event "Padova op-A 5th"]
[Site "Padova"]
[Date "2002.12.22"]
[Round "6.14"]
[White "Di Giacomo, Antonio"]
[Black "Zotti, Enrico"]
[Result "0-1"]
[WhiteElo "1597"]
[BlackElo "1740"]
[PlyCount "58"]
[EventDate "2002.12.14"]
[EventType "swiss"]
[EventRounds "6"]
[EventCountry "ITA"]
[SourceTitle "EXT 2023"]
[Source "ChessBase"]
[SourceDate "2022.10.05"]
[SourceVersion "1"]
[SourceVersionDate "2022.10.05"]
[SourceQuality "1"]

1. d4 Nf6 2. c4 g6 3. Nf3 Bg7 4. Nc3 0-0 5. e4 d6 6. Be2 e5 7. dxe5 dxe5 8. 0-0 Nc6 9. Bg5 Qxd1 10. Raxd1 Bg4 11. Nd2 Bxe2 12. Nxe2 Nd4 13. Nxd4 exd4 14. b4 Rfe8 15. Rfe1 Nd7 16. f4 c5 17. e5 b6 18. Ne4 Re6 19. b5 a6 20. a4 axb5 21. axb5 h6 22. Bh4 Ra2 23. Nf2 g5 24. Bg3 gxf4 25. Bxf4 Nxe5 26. Bxe5 Bxe5 27. Nd3 Bc7 28. Kf1 Bxh2 29. Ra1 Rf6+ 0-1

[Event "Veneto-ch qf 62nd"]
[Site "Arqua Petrarca"]
[Date "2002.05.12"]
[Round "5.26"]
[White "Di Giacomo, Antonio"]
[Black "De Nard, Stefano"]
[Result "1-0"]
[WhiteElo "1585"]
[BlackElo "1422"]
[PlyCount "123"]
[EventDate "2002.05.04"]
[EventType "swiss"]
[EventRounds "6"]
[EventCountry "ITA"]
[SourceTitle "EXT 2024"]
[Source "ChessBase"]
[SourceDate "2023.10.10"]
[SourceVersion "1"]
[SourceVersionDate "2023.10.10"]
[SourceQuality "1"]

1. d4 Nf6 2. c4 g6 3. Nc3 d5 4. Nf3 Bg7 5. e3 0-0 6. Bd3 c5 7. cxd5 Nxd5 8. 0-0 Nc6 9. Be4 Nf6 10. d5 Nxe4 11. Nxe4 Nb4 12. Nxc5 Nxd5 13. h3 b6 14. Nb3 Bb7 15. Qe2 Qc7 16. Nbd4 e5 17. Nb5 Qc5 18. Nd2 Ba6 19. a4 Nc7 20. Qc4 Qxc4 21. Nxc4 Nxb5 22. axb5 Bxb5 23. b3 e4 24. Ra2 Rfd8 25. Ba3 Rac8 26. Rc1 Rd7 27. Rac2 Rdc7 28. Nd6 Rxc2 29. Nxc8 Rxc1+ 30. Bxc1 Bd3 31. Nxa7 Bf8 32. Nc6 Bc2 33. Nd4 Bd3 34. Bd2 Bd6 35. b4 Kf8 36. f4 Ke7 37. g4 Kd7 38. h4 Bf8 39. Kf2 Kd6 40. g5 Bg7 41. Bc3 Kd5 42. Ke1 Kc4 43. Kd2 Bf8 44. Nc6 Kb3 45. Ne5 Bxb4 46. Bxb4 Kxb4 47. Nxd3+ exd3 48. Kxd3 Kc5 49. e4 b5 50. f5 b4 51. f6 b3 52. Kc3 b2 53. Kxb2 Kd4 54. Kb3 Kxe4 55. Kc4 Ke5 56. Kc5 Ke6 57. Kc6 h6 58. Kc7 hxg5 59. hxg5 Kf5 60. Kd7 Kxg5 61. Ke7 Kf5 62. Kxf7 1-0

[Event "Padova op-B 3rd"]
[Site "Padova"]
[Date "2000.12.10"]
[Round "5.7"]
[White "Di Giacomo, Antonio"]
[Black "Zotti, Enrico"]
[Result "0-1"]
[WhiteElo "1633"]
[BlackElo "1734"]
[PlyCount "84"]
[EventDate "2000.12.02"]
[EventType "swiss"]
[EventRounds "6"]
[EventCountry "ITA"]
[SourceTitle "EXT 2024"]
[Source "ChessBase"]
[SourceDate "2023.10.10"]
[SourceVersion "1"]
[SourceVersionDate "2023.10.10"]
[SourceQuality "1"]

1. d4 Nf6 2. c4 g6 3. Nf3 Bg7 4. Nc3 0-0 5. e3 d6 6. Bd3 Nc6 7. 0-0 e5 8. d5 Ne7 9. e4 h6 10. Rb1 Ne8 11. b4 f5 12. Nd2 f4 13. Be2 Nf6 14. c5 g5 15. g4 Ng6 16. Nc4 a6 17. f3 h5 18. h3 Kf7 19. Kf2 hxg4 20. hxg4 Rh8 21. Rh1 Nh4 22. Ba3 Ne8 23. Qb3 Bd7 24. c6 bxc6 25. dxc6 Be6 26. Nd5 Nf6 27. Nd2 Qb8 28. Bc4 Qa7+ 29. Ke2 Bxd5 30. Bxd5+ Nxd5 31. Qxd5+ Ke7 32. Nc4 Qd4 33. Qxd4 exd4 34. Bb2 Ke6 35. Rbd1 d5 36. exd5+ Kxd5 37. Kd3 Nxf3 38. Rxh8 Rxh8 39. Nb6+ cxb6 40. c7 Ne5+ 41. Kd2 Rc8 42. Rc1 Nc4+ 0-1

[Event "Padua Province-ch"]
[Site "Italy"]
[Date "2000.??.??"]
[Round "?"]
[White "Quaranta, Cristiano"]
[Black "Di Giacomo, Antonio"]
[Result "1/2-1/2"]
[WhiteElo "1561"]
[BlackElo "1666"]
[PlyCount "123"]
[EventDate "2000.??.??"]
[EventType "swiss"]
[EventRounds "6"]
[EventCountry "ITA"]
[SourceTitle "EXT 2024"]
[Source "ChessBase"]
[SourceDate "2023.10.10"]
[SourceVersion "1"]
[SourceVersionDate "2023.10.10"]
[SourceQuality "1"]

1. e4 e5 2. Nf3 Nf6 3. Nxe5 d6 4. Nf3 Nxe4 5. d4 d5 6. Be3 Be7 7. Be2 0-0 8. 0-0 Nd7 9. Nbd2 Ndf6 10. h3 Be6 11. c3 Re8 12. Qb3 Rb8 13. Rac1 b5 14. Ne5 Nxd2 15. Bxd2 Bd7 16. Bf3 c6 17. Bf4 Rc8 18. Rfe1 Be6 19. Qd1 Nd7 20. Bg4 Bxg4 21. Qxg4 Nxe5 22. Bxe5 Bf8 23. Rcd1 Re6 24. Bg3 Qe7 25. Rxe6 Qxe6 26. Qxe6 fxe6 27. Re1 Kf7 28. Kf1 c5 29. Be5 b4 30. Re3 Be7 31. Ke2 a5 32. Kd3 Bf6 33. Bxf6 c4+ 34. Kd2 gxf6 35. Rg3 Rb8 36. Kc1 h5 37. h4 a4 38. cxb4 Rxb4 39. Ra3 e5 40. dxe5 fxe5 41. Rf3+ Ke6 42. a3 Rb7 43. Rg3 d4 44. Rg5 Rf7 45. f3 Rh7 46. Rg6+ Kd5 47. Ra6 Rg7 48. Ra5+ Ke6 49. Rxa4 Rxg2 50. Rxc4 Rf2 51. Rc6+ Kd5 52. Rf6 Kc4 53. Rf5 Kd3 54. b4 Ra2 55. Rxh5 Rxa3 56. Rxe5 Kc4 57. f4 Kxb4 58. f5 Rf3 59. h5 Kc3 60. Kd1 d3 61. Ke1 Kd4 62. Re7 1/2-1/2

[Event "Padova op-B 2nd"]
[Site "Padova"]
[Date "1999.12.19"]
[Round "6.10"]
[White "Rigo, Gianfrancesco"]
[Black "Di Giacomo, Antonio"]
[Result "1-0"]
[WhiteElo "1873"]
[BlackElo "1666"]
[PlyCount "59"]
[EventDate "1999.12.11"]
[EventType "swiss"]
[EventRounds "6"]
[EventCountry "ITA"]
[SourceTitle "EXT 2024"]
[Source "ChessBase"]
[SourceDate "2023.10.10"]
[SourceVersion "1"]
[SourceVersionDate "2023.10.10"]
[SourceQuality "1"]

1. Nf3 Nf6 2. g3 d5 3. Bg2 Nbd7 4. 0-0 e5 5. d3 Bd6 6. Nbd2 Nf8 7. e4 c6 8. exd5 Nxd5 9. Nxe5 Ng6 10. Nxg6 hxg6 11. Re1+ Be6 12. Ne4 Be7 13. d4 Qd7 14. c4 Nc7 15. Bf4 0-0-0 16. d5 Bh3 17. Bh1 Qf5 18. Qa4 g5 19. Bxc7 Kxc7 20. dxc6 Bc5 21. Nxc5 Qxc5 22. Qb5 Qxb5 23. cxb5 Be6 24. cxb7 Kb8 25. a4 Rh6 26. Red1 Rdh8 27. Rac1 Rxh2 28. Bg2 g4 29. Rd4 f5 30. Rcd1 1-0

[Event "Padova op-A 1st"]
[Site "Padova"]
[Date "1998.12.13"]
[Round "3.20"]
[White "Lain, Luigi"]
[Black "Di Giacomo, Antonio"]
[Result "1-0"]
[WhiteElo "1609"]
[BlackElo "1666"]
[PlyCount "111"]
[EventDate "1998.12.12"]
[EventType "swiss"]
[EventRounds "6"]
[EventCountry "ITA"]
[SourceTitle "EXT 2023"]
[Source "ChessBase"]
[SourceDate "2022.10.05"]
[SourceVersion "1"]
[SourceVersionDate "2022.10.05"]
[SourceQuality "1"]

1. d4 Nf6 2. c4 g6 3. Nc3 Bg7 4. e4 d6 5. f3 Nbd7 6. Be3 a6 7. Bd3 0-0 8. Nge2 c5 9. d5 Ne5 10. 0-0 h5 11. Qc2 Kh7 12. Rac1 Bd7 13. h3 Ng8 14. f4 Nxd3 15. Qxd3 f5 16. Ng3 h4 17. Nge2 Kh8 18. Rcd1 fxe4 19. Qxe4 Bf5 20. Qf3 Qd7 21. Bf2 Bf6 22. Rd2 Kg7 23. Ne4 Bxe4 24. Qxe4 Nh6 25. Kh1 Nf5 26. Ng1 Rh8 27. Nf3 Rh5 28. Kg1 Ng3 29. Bxg3 hxg3 30. Qe1 Rxh3 31. gxh3 Qxh3 32. Rg2 Rh8 33. Qxg3 Qf5 34. Rh2 Rg8 35. Ng5 Bd4+ 36. Kh1 Kf8 37. Ne6+ Ke8 38. Nxd4 cxd4 39. Re1 b5 40. Qg5 Qxg5 41. fxg5 bxc4 42. Rhe2 Rg7 43. Re4 c3 44. bxc3 dxc3 45. Kg2 e5 46. dxe6 Rc7 47. Kg3 a5 48. Rc1 d5 49. Rd4 Rc5 50. Kf4 Ke7 51. Ke5 a4 52. a3 c2 53. Rxa4 Rc3 54. Kxd5 Rc8 55. Rc4 Ra8 56. a4 1-0